| 000 | 01009njm a22003017a 4500 | ||
|---|---|---|---|
| 005 | 20100914112445.0 | ||
| 006 | a|||||r|||||00| 0 | ||
| 007 | sd ammalaaahaa | ||
| 008 | 100910t xxu||||| |||| 00| 0 eng d | ||
| 028 |
_aTAE. 1437 _bHis Master's Voice |
||
| 035 | _aGR-02303 | ||
| 040 | _aSED/VEN | ||
| 100 |
_91184 _aMohd. Rafi |
||
| 245 |
_aMere huroor part. 1 / _cby Mohd. Rafi ; music Madan Mohan ; lyric Kaifi Azmi |
||
| 260 |
_aDum Dum, India _bHis Master's Voice _cn. d. |
||
| 300 |
_a1 sound disc : [Gramophone Record] _banalog, 33 1/3 rpm _c12 in. (LP) _fGramophone Records |
||
| 500 | _aBrief record. | ||
| 500 | _aHis Master's Voice | ||
| 500 | _aBroun | ||
| 505 | _aDil ke jharokhe men (braahmchari) | ||
| 650 |
_xExcerpts _zIndia _919370 _aClassical Music _vFilmi song |
||
| 700 |
_919371 _aMadan Mohan |
||
| 700 |
_aKaifi Azmi _919937 |
||
| 700 | _919372 | ||
| 700 | _919676 | ||
| 942 |
_2ddc _cGR |
||
| 999 |
_c45706 _d45706 |
||